Daňový bonus v praxi v roku 2024
Daňový bonus na zaplatené úroky podľa ustanovenia § 33a zákona č. 595/2003 Z. z. o dani z príjmov v z. n. p. predstavuje formu priamej daňovej úľavy, ktorá priamo znižuje už vypočítanú daň daňovníka, ktorý je dlžníkom zo zmluvy o úvere na bývanie, ale až po uplatnení daňového bonusu na vyživované di...
Salvato in:
| Autore principale: | |
|---|---|
| Natura: | Capitolo di libro |
| Lingua: | slovacco |
| Soggetti: | |
| Tags: |
Nessun Tag, puoi essere il primo ad aggiungerne!!
|
MARC
| LEADER | 00000naa a2200000 4500 | ||
|---|---|---|---|
| 001 | 0306181 | ||
| 005 | 20250115092712.3 | ||
| 041 | 0 | |a slo | |
| 044 | |a SK | ||
| 245 | 1 | 0 | |a Daňový bonus v praxi v roku 2024 |c Marcela Rabatinová |
| 520 | |a Daňový bonus na zaplatené úroky podľa ustanovenia § 33a zákona č. 595/2003 Z. z. o dani z príjmov v z. n. p. predstavuje formu priamej daňovej úľavy, ktorá priamo znižuje už vypočítanú daň daňovníka, ktorý je dlžníkom zo zmluvy o úvere na bývanie, ale až po uplatnení daňového bonusu na vyživované dieťa podľa § 33 zákona o dani z príjmov. Od 1. 1. 2018 nahradil systém štátnej podpory k hypotekárnym úverom pre mladých, pričom je možné ho uplatniť iba na základe zmluvy o úvere na bývanie uzatvorenej po 31. 12. 2017. Daňový bonus na zaplatené úroky pri úveroch na bývanie do 31. 12. 2023 a od 1. 1. 2024 a pomoc štátu pri splácaní úverov na bývanie. | ||
| 610 | 2 | 0 | |a bonus daňový |
| 610 | 2 | 0 | |a úrok |
| 610 | 2 | 0 | |a úver hypotekárny |
| 610 | 2 | 0 | |a úľavy daňové |
| 610 | 2 | 0 | |a dane |
| 610 | 2 | 0 | |a daňovníci |
| 610 | 2 | 0 | |a zákony |
| 100 | 1 | |a Rabatinová, Marcela, 1977- | |